00000000nam 2200000zi 4500
0019.949792
003CaOODSP
00520250708102704
006m     o  d f      
007cr cn|||||||||
008250403t20252025onc     ob   f000 0 eng d
020 |a9780660768212
040 |aCaOODSP|beng|erda|cCaOODSP
043 |an-cn---
0861 |aBT22-226/13-2025E-PDF
24500|aDirective on telework.
264 1|aOttawa, Ontario : |bTreasury Board of Canada Secretariat = Secrétariat du Conseil du trésor du Canada, |c2025.
264 4|c©2025
300 |a1 online resource (16 unnumbered pages)
336 |atext|btxt|2rdacontent
337 |acomputer|bc|2rdamedia
338 |aonline resource|bcr|2rdacarrier
500 |aCover title.
500 |aIssued also in French under title: Directive sur le télétravail.
500 |a"Published: 2025-03-24."
504 |aIncludes bibliographical references (page [8]).
650 0|aTelecommuting|xGovernment policy|zCanada.
7101 |aCanada. |bTreasury Board, |eissuing body.
77508|tDirective sur le télétravail. |w(CaOODSP)9.949794
795 |tDirective on telework.|b[2023]|w(CaOODSP)9.926712
85640|qPDF|s247 KB|uhttps://publications.gc.ca/collections/collection_2025/sct-tbs/BT22-226-13-2025-eng.pdf
8564 |qHTML|sN/A|uhttps://www.tbs-sct.canada.ca/pol/doc-eng.aspx?id=32636